Statistics for This Day in Sports (August 20)

Click here to take the quiz!

General Stats

  • This quiz has been taken 5 times
  • The average score is 4 of 8

Answer Stats

QuestionAnswer% Correct
1991: This Miami Dolphins quarterback surpasses Joe Montana as the highest paid NFL player in history.Dan Marino
100%
1900: This country beats France in the cricket’s only appearance in the Olympic games.Great Britain
80%
1915: The White Sox trade for this “Shoeless” player.Joe Jackson
80%
1945: Tommy Brown becomes the youngest player to hit an MLB home run. How old was he?17
40%
1988: NFL defensive back Tramaine Brock is born. What team did he make his debut with?49ers
20%
1930: This Australian cricketer scores 232 in 5th Test win over England at The Oval.Don Bradman
20%
1991: Norbert Rosza swims a world record 100meter breast stroke. What country was he from?Hungary
20%
1920: This league, which would later be renamed to the National Football League, is formed.American Professional Football Association
0%

Score Distribution

Percentile by Number Answered

Percent of People with Each Score

Your Score History

You have not taken this quiz